Score 0/21 Timer 15:00
0 Plays Today
boys girls % Correct
yorktyler
60%
makkim
40%
samsamantha
30%
timtaylor
30%
jasonlauren
20%
maxbrooke
10%
cooperpatti
10%
johnmaggie
10%
benskyler
10%
tommyrosie
10%
chrisJillian
0%
boys girls % Correct
brantcaroline
0%
branderlindsay
0%
andykrista
0%
zylerkaite
0%
williamchar
0%
kenkris
0%
jaxonklyn
0%
kentjamie
0%
masonkai
0%
tomhaylee
0%
Come Together.
Have Fun.
All Virtual.
We all need to come together. Play Sporcle's virtual live trivia to have fun, connect with people, and get your trivia on. Join a live hosted trivia game for your favorite pub trivia experience done virtually. If a virtual private party is more your thing, go here for details.

You're not logged in!

Compare scores with friends on all Sporcle quizzes.
OR
Log In

Sporcle TV

Today on Sporcle TV


Watch our educational content, quiz creation guides, and fun videos on Sporcle TV.

Show Comments

Extras

Created Mar 11, 2011ReportNominate
Tags:Boy, girl

Top Quizzes Today


Score Distribution

Paid Content

Your Account Isn't Verified!

In order to create a playlist on Sporcle, you need to verify the email address you used during registration. Go to your Sporcle Settings to finish the process.

Report this User

Report this user for behavior that violates our Community Guidelines.

Details: